000 00660 a2200241 4500
020 _a0-8133-7205-4
041 _aEng
082 _a332.17
_bC818m
100 _aCorsi, Jerome R., ed.
_94208
245 _aMarketing life insurance in a bank or thrift
260 _aBoulder
_bWestview Press
_c1988
300 _axii, 233p.
440 _aWestview Professional Handbooks on the New Banking
_94209
518 _a2010/12/12
650 _aMarketing
_92149
650 _aFinance
_92208
650 _aLife insurance
_94210
650 _aBanks
_94211
650 _aBanking
_92897
650 _aMarketing policy
_94212
653 _aEconomics
942 _2ddc
_cGEN
999 _c48602
_d48601